Responses for Show #5760 - Friday, October 2, 2009

Contestants

[<< previous game]

Lynn Swanbom, a newspaper copy editor from Spokane, Washington

Josh Forsythe, a radio frequency engineer from Mankato, Minnesota

Jenifer Thomas, a teacher assistant from Jacksonville, North Carolina (whose 1-day cash winnings total $13,400)

[next game >>]

Jeopardy! Round responses

A WORLD OF MEMOIRS
ANIMAL HUSBANDRY
PEZ
MOBY DICK
(Alex: The novel.)
ONLINE SLANG
MORE VOWELS THAN CONSONANTS
    $200 26
Iran

Lynn
    $200 12
The Muppets Take Manhattan

Jenifer
    $200 8
peppermint

Jenifer
    $200 17
Ahab

Josh
    $200 1
be back soon

Josh
    $200 4
equal

Jenifer
    $400 27
the Cultural Revolution

Triple Stumper
    $400 18
Babar

Jenifer
    $400 10
smoking

Lynn
    $400 22
a Native American tribe

Jenifer
    $400 2
ta-ta

Jenifer
    $400 7
a Ouija board

Josh
    $600 28
[A subtitle explains that Ms. Cooper is the White House correspondent for The New York Times.]

Monrovia

Josh
    $600 19
Rikki Tikki Tavi

Jenifer
    $600 11
feet

Josh
    $600 23
(Jenifer: Who is Ishmael?)

Starbuck

Jenifer
Triple Stumper
    $600 3
not safe for work (not suitable for work accepted)

Josh
    $600 9
au revoir

Josh
    $800 29
(Augusto) Pinochet

Jenifer
    $800 20
the Thin Man

Jenifer
    $800 14
Santa Claus

Jenifer
    $800 24
a sperm whale

Triple Stumper
    $800 5
the keyboard

Lynn
    $800 13
euthanasia

Josh
    $200 30
(Jenifer: I'm not sure.)
(Alex: Ah, if you think of ice, maybe you would be led to [*]--[*] is the country.)

Canada

Jenifer
    $1000 21
the Berenstain Bears

Lynn
    $1000 15
American Chopper

Triple Stumper
    $1000 25
New Bedford

Triple Stumper
    $1000 6
a rocket scientist

Lynn
    $1000 16
aerosol

Lynn

Scores at the first commercial break (after clue 15):

Jenifer Josh Lynn
$1,800 $3,200 $2,200

Scores at the end of the Jeopardy! Round:

Jenifer Josh Lynn
$4,000 $4,000 $4,400

Double Jeopardy! Round responses

I HEAR A SYMPHONY
BACK IN MY ARMS AGAIN
YOU KEEP ME HANGIN' ON
BABY LOVE
COME SEE ABOUT "ME"
(Alex: Each correct response beginning with those two letters of the alphabet.)
THE SUPREMES
    $400 25
Detroit

Josh
    $400 16
Melanie Griffith

Josh
    $400 20
safety pins

Josh
    $400 11
a sonogram (or ultrasound)

Jenifer
    $400 1
[Jenifer selected the first clue.]
(Josh: What is a meteor?)

a meteorite

JoshLynn
    $400 3
the Great Salt Lake

Josh
    $800 27
the minuet

Jenifer
    $800 17
Michael Bolton

Triple Stumper
    $800 21
Velcro

Jenifer
    $800 12
Lamaze

Josh
    $800 2
a meerkat

Josh
    $800 4
the Scandinavian

Lynn
    $2,200 28
[The end-of-round signal sounds.]

Beethoven

Jenifer
    $1200 18
Natalie Wood

Triple Stumper
    $1200 22
studs

Triple Stumper
    $1200 13
the amniotic sac

Josh
    $1200 8
a medium

Josh
    $1200 5
India

Lynn
    $1600 19
Carlo Ponti

Triple Stumper
    $1600 23
a rivet

Lynn
    $1600 14
the uterus

Triple Stumper
    $1600 9
meanwhile

Jenifer
    $2,000 6
Sudan

Lynn
    $2000 26
(Travis) Barker

Josh
    $2000 24
(Alex: With a minute to go.)

the zipper

Jenifer
    $2000 15
a doula

Josh
    $2000 10
a mediator

Jenifer
    $2000 7
(Josh: What is Victoria Falls?)

Angel Falls

JoshLynn

Scores at the end of the Double Jeopardy! Round:

Jenifer Josh Lynn
$13,800 $11,200 $12,400

[wagering suggestions for these scores]

Final Jeopardy! Round responses

EMMY WINNERS
(Alex: One appeared on a show that was named for her, the other appeared on a series that was named for her co-star.)
JoshWho are Ed Asner and Dick Van Dyke?
$8,400
LynnWho are Ted Knight and Ed Asner?
$2,000
JeniferWho are Asner and [Knight crossed off] Knight?
$7,500
Ed Asner & Carl Reiner

Final scores:

Jenifer Josh Lynn
$6,300 $2,800 $10,400
2nd place: $2,000 3rd place: $1,000 New champion: $10,400

Game dynamics:

Coryat scores:

Jenifer Josh Lynn
$13,000 $11,200 $12,000
17 R
(including 1 DD),
2 W
(including 1 DD)
18 R,
2 W
12 R
(including 1 DD),
0 W

Combined Coryat: $36,200

[game clues] [game scores] [suggest correction]

Game tape date: 2009-08-11
The J! Archive is created by fans, for fans. Scraping, republication, monetization, and malicious use prohibited; this site may use cookies and collect identifying information. See terms. The Jeopardy! game show and all elements thereof, including but not limited to copyright and trademark thereto, are the property of Jeopardy Productions, Inc. and are protected under law. This website is not affiliated with, sponsored by, or operated by Jeopardy Productions, Inc. Join the discussion at JBoard.tv.